A HANDBOOK OF AYURVEDA (Record no. 32170)

MARC details
000 -LEADER
fixed length control field 00282nam a22001337a 4500
003 - CONTROL NUMBER IDENTIFIER
control field SGT
020 ## - INTERNATIONAL STANDARD BOOK NUMBER
International Standard Book Number 9789392787133
082 ## - DEWEY DECIMAL CLASSIFICATION NUMBER
Classification number 615.53,SAV
100 ## - MAIN ENTRY--PERSONAL NAME
Personal name SAVANUR PRASANNA
245 ## - TITLE STATEMENT
Title A HANDBOOK OF AYURVEDA
260 ## - PUBLICATION, DISTRIBUTION, ETC. (IMPRINT)
Place of publication, distribution, etc NEW DELHI
Name of publisher, distributor, etc SSB
Year of Publication 2022
300 ## - PAGE DESCRIPTION
No. of Pages 276
942 ## - ADDED ENTRY ELEMENTS (KOHA)
Source of classification or shelving scheme Dewey Decimal Classification
Koha item type Books
Holdings
Withdrawn status Lost status Source of classification or shelving scheme Damaged status Use restrictions Not for loan Collection code Home library Current library Shelving location Date acquired Vendor Name Cost, normal purchase price SGTU Full call number Accession No. (Barcode) Date last seen Bill Date Koha item type
    Dewey Decimal Classification   Restricted Access Not For Loan ENGINEERING SGT Engineering Library SGT Engineering Library Reference Book 30/07/2025 SGTU FACULTY PUBLICATIONS 595.00 SGTU 615.53,SAV FE9309 30/07/2025 30/07/2025 Gifted Books